000 01000nam1a22002531 4500
001 rc\4528794
005 20130416181524.9
035 _a(NLR Aleph) 008628443
090 _a8867216
_c8867216
100 _a20130416d1959 |||y0rusy50 ca
101 0 _arus
102 _aRU
105 _ay b |||||
200 1 _aКаталоги исторического материализма
_e[Сборник статей]
_fПод ред. проф. М. Джунусова
_gМ-во высш. образования. Кирг. гос. ун-т. Кафедра философии. Сб. 1-
210 _aФрунзе
_cБ. и.
_d1959
215 _d20
606 _aИсторический материализм
_jСборники
_2psbo
702 1 _aДжунусов
_bМ. С.
_gМасхуд Садыкович
_4340
712 0 2 _aКиргизский ун-т. Кафедра философии
801 0 _aRU
_bNLR
_gpsbo
801 1 _aRU
_bELAR
_2rusmarc
852 _aNLR
_j59-4/12743
942 _cBOOK
980 _aNB